Online Catalogue and eLibrary

Assignment Jaffna (Record no. 3534)

MARC details
000 -LEADER
fixed length control field 00515nam a2200157Ia 4500
005 - DATE AND TIME OF LATEST TRANSACTION
control field 20250304061604.0
008 - FIXED-LENGTH DATA ELEMENTS--GENERAL INFORMATION
fixed length control field 240331s9999 xx 000 0 und d
020 ## - INTERNATIONAL STANDARD BOOK NUMBER
ISBN 8172120117
082 ## - DDC Classification
Item Number - Author Mark SAR
Class No. 954
100 ## - MAIN ENTRY--PERSONAL NAME
Personal name Sardeeshpande, S.C.
245 #0 - TITLE STATEMENT
Title Assignment Jaffna
260 ## - PUBLICATION, DISTRIBUTION, ETC.
Place of publication, distribution, etc. New Delhi
Name of publisher, distributor, etc. Lancer Publishers Pvt, Ltd
Date of publication, distribution, etc. 1992
300 ## - PHYSICAL DESCRIPTION
Extent (e.g. Volumes, Pages etc.) X, 165 p .,
500 ## - GENERAL NOTE
General note This book is a personalised account of a Division Commander Attempting to suppress Insurgency on foreign soil and combat environment.
942 ## - Koha item type (Biblio)
Koha item type Books in Stacks (Lending)
Holdings
Lost status Damaged status Collection code Home library Current library Shelving location Date acquired Full call number Accession Number Item type
    Lending WERC Library WERC Library Social Science Cupboard 03/31/2024 954.93 SAR 2019 Books in Stacks (Lending)

© WERC Library